| 000 | 00550nam a2200145Ia 4500 | ||
|---|---|---|---|
| 008 | 140724s9999 xx 000 0 und d | ||
| 050 |
_aHF 5549.5.J63 _b.V216 2009 |
||
| 100 | _aVamenia, Ramon Luis P. | ||
| 245 |
_aLevel of job satisfaction of the College Faculty of Southville International School and Colleges / _cRamon Luis P. Vamenia. |
||
| 260 |
_aLas PiƱas, Philippines : _bSouthville International School and Colleges, _cc2009. |
||
| 300 |
_a37 p. : _bill. ; _c28 cm. |
||
| 521 | _aHuman Resource Management | ||
| 942 | _cTH | ||
| 999 |
_c228709 _d228709 |
||